Este viejo payaso / (Record no. 177660)

MARC details
000 -LEADER
campo de control de longitud fija 00706nam a22002175i 4500
001 - NÚMERO DE CONTROL
campo de control 177660
003 - IDENTIFICADOR DE NÚMERO DE CONTROL
campo de control ES-MaACL
005 - FECHA Y HORA DE LA ÚLTIMA TRANSACCIÓN
campo de control 20230906220401.0
008 - DATOS DE LONGITUD FIJA--INFORMACIÓN GENERAL
campo de control de longitud fija 110411s2008 sp |||| | spa d
020 ## - NÚMERO INTERNACIONAL ESTÁNDAR DEL LIBRO
Número Internacional Estándar del Libro 978-84-96812-19-2
080 ## - NÚMERO DE LA CLASIFICACIÓN DECIMAL UNIVERSAL
Número de la Clasificación Decimal Universal 821.134.2-14"19"
100 1# - ENTRADA PRINCIPAL--NOMBRE DE PERSONA
Nombre de persona Ortega Parra, Joaquín.
9 (RLIN) 87486
245 10 - MENCIÓN DEL TÍTULO
Título Este viejo payaso /
Mención de responsabilidad, etc. Joaquín Ortega Parra.
260 ## - PUBLICACIÓN, DISTRIBUCIÓN, ETC.
Lugar de publicación, distribución, etc. Alcalá de Henares :
Nombre del editor, distribuidor, etc. Fundación Colegio del Rey,
Fecha de publicación, distribución, etc. imp. 2008.
300 ## - DESCRIPCIÓN FÍSICA
Extensión 86 p. ;
Dimensiones 21 cm.
490 1# - MENCIÓN DE SERIE
Mención de serie Alcalá-Poesía ;
Designación de volumen o secuencia 30
500 ## - NOTA GENERAL
Nota general Este viejo payaso obtuvo el premio de poesía "Ciudad de Alcalá" 2007.
830 0# - PUNTO DE ACCESO ADICIONAL DE SERIE-TÍTULO UNIFORME
Título uniforme Alcalá-Poesía ;
Designación de volumen o secuencia 30
9 (RLIN) 189789
852 ## - LOCALIZACIÓN
Ubicación ES-MaACL
Número de control de estantería E-14859
Holdings
Estatus retirado Estado de pérdida Estado de daño No para préstamo Biblioteca de origen Biblioteca actual Ubicación en estantería Fecha de adquisición Fuente de adquisición Total de préstamos Signatura topográfica completa Código de barras Visto por última vez Precio de reemplazo Tipo de ítem Koha
        Biblioteca del Ateneo de Madrid Biblioteca del Ateneo de Madrid Depósito 2 11/04/2011     E-14859 1186610 23/02/2023 23/02/2023 Libro impreso